ბათუმის შოთა რუსთაველის სახელმწიფო უნივერსიტეტის ბიბლიოთეკა

Prime Time3: Student's Book. (ბიბ.ჩანაწერი № 51269)

000 -LEADER
fixed length control field 00654nam a2200265Ia 4500
001 - CONTROL NUMBER
control field 18231
003 - CONTROL NUMBER IDENTIFIER
control field GE_BSU
008 - FIXED-LENGTH DATA ELEMENTS--GENERAL INFORMATION
fixed length control field 181216s||||||||xx |||||||||||||| ||und||
020 ## - INTERNATIONAL STANDARD BOOK NUMBER
International Standard Book Number 9781780984483
040 ## - CATALOGING SOURCE
Transcribing agency GE_BSU
080 ## - UNIVERSAL DECIMAL CLASSIFICATION NUMBER
Universal Decimal Classification number 811.111(075.8)
100 ## - MAIN ENTRY--PERSONAL NAME
Personal name Evans Virginia,Jenny Dooley
245 ## - TITLE STATEMENT
Title Prime Time3: Student's Book.
260 ## - PUBLICATION, DISTRIBUTION, ETC.
Place of publication, distribution, etc. Newbury
260 ## - PUBLICATION, DISTRIBUTION, ETC.
Name of publisher, distributor, etc. Express Publishing
260 ## - PUBLICATION, DISTRIBUTION, ETC.
Date of publication, distribution, etc. 2012
300 ## - PHYSICAL DESCRIPTION
Extent 135p;ill,col,30cm.
300 ## - PHYSICAL DESCRIPTION
Accompanying material +1CD
653 ## - INDEX TERM--UNCONTROLLED
Uncontrolled term grammar
653 ## - INDEX TERM--UNCONTROLLED
Uncontrolled term Prime Time 3:Student's Book
653 ## - INDEX TERM--UNCONTROLLED
Uncontrolled term გრამატიკა
653 ## - INDEX TERM--UNCONTROLLED
Uncontrolled term ინგლისური
942 ## - ADDED ENTRY ELEMENTS (KOHA)
Koha item type წიგნი
ეგზემპლარები
Withdrawn status Lost status Damaged status Not for loan Date acquired Barcode Date last seen Price effective from Koha item type
        2018-12-17 46435 2018-12-17 2018-12-17 წიგნი
        2018-12-17 46436 2018-12-17 2018-12-17 წიგნი
        2018-12-17 46437 2018-12-17 2018-12-17 წიგნი
        2018-12-17 46438 2018-12-17 2018-12-17 წიგნი
        2018-12-17 46439 2018-12-17 2018-12-17 წიგნი
        2018-12-17 46440 2018-12-17 2018-12-17 წიგნი
        2018-12-17 46441 2018-12-17 2018-12-17 წიგნი
        2018-12-17 46442 2018-12-17 2018-12-17 წიგნი
        2018-12-17 46443 2018-12-17 2018-12-17 წიგნი
        2018-12-17 46444 2018-12-17 2018-12-17 წიგნი